000 01186nam a2200325 a 4500
003 CBULib
005 20240423095836.0
008 060831s2005 ||||||||||||||||| || u
020 _a9211169259
040 _aCBULib
_bEnglish
_cCBULib
_dCBULib
_erda
050 _aUN-ECE(02)2005
100 _aMacura, Miroslav
245 1 4 _aThe new demographic regime : population challenges and policy responses
_c/by edited by Miroslav Macura, Alphonse L. MacDonald and Werner Haug
260 _aNew York :
_bUNITED NATIONS
_c2005
300 _axv,301pages : illustrations
336 _2rdacontent
_aText |
_btxt
337 _2rdamedia
_aUnmediated |
_bn
338 _2rdacarrier
_aVolume
_bnc
650 _aPOPULATION--CONGRESSES
650 _aEUROPE--POPULATION--CONGRESSES
650 0 _aAFRICA--ECONOMIC CONDITIONS
650 _aDEMOGRAPHIC TRANSITION--EUROPE--CONGRESSES
650 _aPopulation policy
650 _aDEMOGRAPHY--EUROPE--CONGRESSES
700 _aHaug, Werner
700 _aMacDonald, Alphonse L
710 _aUnited Nations Economic Commission for Europe (UNECE)
942 _2mc
_c029
999 _c52106
_d52106